000 00558nam a22001937a 4500
999 _c6711
_d6711
003 OSt
005 20260320020135.0
008 200305b ||||| |||| 00| 0 eng d
020 _a9781403998842
040 _cDDC
082 _a658 WAA 2007
100 _aWaal, Andre' de
_913787
245 _aStrategic Performance Management: a managerial and behavioural approach
260 _aNew York;
_bPalgrave,
_c2007
300 _axv,414p;
_bIll:
_c23cm
504 _aReferences, appendix, & index
650 _aPerformance management
_97729
942 _2z
_cO_SHELF
_01